The World's Most Traffic-Congested Cities - Statistics

General Stats
  • This quiz has been taken 55 times
  • The average score is 8 of 10
Answer Stats
Country City % Correct
1 Mexico Mexico City
100%
3 Turkey Istanbul
98%
2 Thailand Bangkok
96%
5 Russia Moscow
96%
6 Romania Bucharest
90%
10 USA Los Angeles
83%
4 Brazil Rio De Janeiro
67%
8 Brazil Recife
54%
7 Brazil Salvador
52%
9 China Chengdu
35%
No matching quizzes found
Score Distribution
Percent of People with Each Score
Percentile by Number Answered
Your Score History
You have not taken this quiz